Metale - nagła śmierć - Statystyki

Ogólne statystyki
  • Ten quiz został rozwiązany 37 razy
  • Średni wynik to 11 z 20
Answers on the Grid
Answers color-coded by a green-red scale on the quiz's grid according to % correct below.
Azot
Brom
Chlor
Chrom
Cyna
Cynk
Fluor
Fosfor
Frans
Jod
Kiur
Krypton
Lit
Magnez
Miedź
Nikiel
Ołów
Platyna
Potas
Rad
Siarka
Sód
Srebro
Tlen
Uran
Wapń
Wodór
Wolfram
Żelazo
Złoto
 
Statystyki odpowiedzi
Odpowiedź % Poprawnych
Cyna
91%
Chrom
83%
Cynk
83%
Nikiel
74%
Magnez
70%
Miedź
70%
Ołów
70%
Platyna
70%
Srebro
70%
Żelazo
70%
Złoto
70%
Lit
57%
Wolfram
43%
Potas
39%
Frans
35%
Uran
35%
Sód
30%
Kiur
22%
Rad
22%
Wapń
22%
Nie znaleziono quizów pasujących do podanych kryteriów
Rozkład punktacji
Procent ludzi z każdym wynikiem
Percentyl według liczby udzielonych odpowiedzi
Twoja historia wyników
Nie rozwiązałeś tego quizu